=LDR 00000nam 2200000 4500 =001 INLIS000000000049061 =005 20170119103115.0 =006 =007 =008 =020 ##$$a 978-979-29-3165-5 =035 ##$$0010-011700000000342 =040 ##$$a NBPDMAT =082 ##$$a 620.004 2 =090 ##$$a 620.004 2 Yon p =100 ##$$a Yon F.Huda =245 ##$$a Panduan mudah menggambar komponen mesin dengan Autodesk Inventor Profesional 2011 / $c Yon F.Huda ; editor Th. Ari Prabawati =250 ##$$a Ed.1 Cet.2 =260 ##$$a Yogyakarta : $b Andi, $c 2013 =300 ##$$a vi, 138 hlm. : $b ilus. ; $c 21 cm. =650 ##$$a Menggambar Teknik - Autodesk =700 ##$$a Th. Ari Prabawati =850 ##$$a NBPDMAT